000
00295 a2200145 4500
001
179357
020
_a
040
_c
Magnum
100
_a
Málus
240
1
0
_a
Quintino, o girino
_l
por
245
1
0
_a
Quintino, o girino
362
0
_a
1899
697
_a
MAGNITO: I/PARADIDATICO
942
_c
BK
999
_c
179357
_d
179357